[Event "II C.to Europeo seniores"]
[Site "Saint Vincent - Chatillon ITA"]
[Date "2002.09.29"]
[Round "2"]
[White "Kotzem, Ernst"]
[Black "Asmundsson, Ingvar"]
[Result "0-1"]
[WhiteElo "2114"]
[BlackElo "2338"]
[PlyCount "104"]
[EventDate "2002.09.28"]

1. e4 c5 2. Nf3 e6 3. d4 cxd4 4. Nxd4 a6 5. c4 Nf6 6. Bd3 Nc6 7. Nxc6 dxc6 8.
O-O e5 9. a3 a5 10. Nc3 Bc5 11. h3 Qe7 12. Na4 Bd4 13. Rb1 Be6 14. Kh1 h6 15.
Qe2 Nd7 16. Be3 Bxe3 17. Qxe3 O-O 18. Nc3 Rfd8 19. b4 axb4 20. axb4 Ra3 21.
Rfc1 Nb6 22. c5 Na4 23. Bf1 Qh4 24. g3 Qh5 25. Qe2 Qg5 26. Nxa4 Rxa4 27. Rd1
Rxd1 28. Qxd1 Ra2 29. Qe1 Qf6 30. Kg1 Qf3 31. Bg2 Qa3 32. Bf1 Bb3 33. Bg2 Bc2
34. Rc1 Rb2 35. Qd2 Qd3 36. Qxd3 Bxd3 37. Rd1 Ba6 38. Rd8+ Kh7 39. Re8 f6 40.
h4 h5 41. Bh3 Rxb4 42. Be6 Rb1+ 43. Kh2 Re1 44. Bf5+ g6 45. Re7+ Kh6 46. Be6
Be2 47. Bg8 g5 48. Rh7+ Kg6 49. Rxb7 Bf3 50. Bh7+ Kh6 51. hxg5+ fxg5 52. g4 h4
0-1

[Event "II C.to Europeo seniores"]
[Site "Saint Vincent - Chatillon ITA"]
[Date "2002.09.29"]
[Round "2"]
[White "Litvinov, Vladimir"]
[Black "Laco, Giuseppe"]
[Result "1-0"]
[WhiteElo "2390"]
[BlackElo "2136"]
[PlyCount "139"]
[EventDate "2002.09.28"]

1. e4 c5 2. Nf3 e6 3. d4 cxd4 4. Nxd4 a6 5. Bd3 d5 6. exd5 Qxd5 7. O-O Nc6 8.
Nxc6 Qxc6 9. Bg5 Be7 10. Bxe7 Kxe7 11. Qg4 Nf6 12. Qb4+ Qd6 13. Qxd6+ Kxd6 14.
Nd2 Bd7 15. Nc4+ Ke7 16. Ne5 Rad8 17. a4 Bc8 18. Rfe1 Nd7 19. a5 Nxe5 20. Rxe5
f6 21. Re3 g5 22. g3 Rd6 23. Ra3 h6 24. Be4 Rhd8 25. Rab3 R8d7 26. Rec3 Kd8 27.
Rc5 Rc7 28. Rxc7 Kxc7 29. Rc3+ Kd8 30. Rc5 Rd1+ 31. Kg2 f5 32. Bf3 Rb1 33. b3
g4 34. Be2 Re1 35. Re5 Bd7 36. f3 h5 37. h3 gxh3+ 38. Kxh3 Ke7 39. Kg2 Kf6 40.
f4 Rc1 41. Rc5 Ke7 42. Bxh5 Kd6 43. b4 Rb1 44. Rc4 Kd5 45. Be2 Bc6 46. Kf2 Kd6
47. Rd4+ Kc7 48. g4 fxg4 49. Bxg4 Bd7 50. Ke3 Bc6 51. Kd2 Bd7 52. Rc4+ Kd6 53.
Bf3 Bc6 54. Bxc6 bxc6 55. Rd4+ Kc7 56. Re4 Kd7 57. Kd3 Rf1 58. Kc4 Kd6 59. Rd4+
Kc7 60. Kc5 Rh1 61. Re4 Rh6 62. Kd4 Kd6 63. c4 Rf6 64. Ke3 Rh6 65. Rd4+ Kc7 66.
Ke4 Rh5 67. c5 Rf5 68. Rd1 Rf7 69. Rg1 Kb7 70. Rg6 1-0

[Event "II C.to Europeo seniores"]
[Site "Saint Vincent - Chatillon ITA"]
[Date "2002.09.29"]
[Round "2"]
[White "Pipitone, Antonio"]
[Black "Planas Ferret, Rosendo"]
[Result "0-1"]
[WhiteElo "2014"]
[BlackElo "2208"]
[PlyCount "114"]
[EventDate "2002.09.28"]

1. e4 c6 2. d4 d5 3. Nc3 dxe4 4. Nxe4 Nd7 5. Nf3 Ngf6 6. Nxf6+ Nxf6 7. Bd3 Bg4
8. c3 e6 9. h3 Bh5 10. g4 Bg6 11. Qe2 Bd6 12. Bg5 Qc7 13. Bxg6 hxg6 14. O-O-O
Bf4+ 15. Kb1 O-O-O 16. Bxf4 Qxf4 17. Ne5 Nd7 18. Nd3 Qd6 19. f4 Qd5 20. Qe3 Nb6
21. b3 Qa5 22. Rc1 Nd5 23. Qe1 Qc7 24. Qd2 Rh4 25. c4 Nb6 26. Ne5 Qe7 27. Nf3
Rhh8 28. Qa5 Kb8 29. Qe5+ Qc7 30. Qe3 Rhe8 31. Ne5 Re7 32. g5 Nd7 33. Nf3 Qd6
34. Rhe1 Ree8 35. h4 Rh8 36. Rcd1 Ka8 37. Rd2 Qb4 38. Red1 Nb6 39. Qe2 Na4 40.
Rd3 Nc3+ 41. Rxc3 Qxc3 42. Rd3 Qa5 43. Kb2 Qf5 44. Qd2 Rd6 45. b4 b5 46. c5 Rd5
47. Qe3 Kb7 48. Ra3 Qh3 49. Qf2 Qh1 50. Ra5 Qd1 51. Qe3 Rhd8 52. Qa3 Ra8 53.
Ra6 Rxd4 54. Nxd4 Qxd4+ 55. Kc2 Qxf4 56. Ra5 a6 57. Qd3 Qc7 0-1

[Event "II C.to Europeo seniores"]
[Site "Saint Vincent - Chatillon ITA"]
[Date "2002.09.29"]
[Round "2"]
[White "Reuben, Stewart"]
[Black "Csom, Istvan"]
[Result "0-1"]
[WhiteElo "2161"]
[BlackElo "2448"]
[PlyCount "82"]
[EventDate "2002.09.28"]

1. c4 b6 2. Nc3 c5 3. e4 Bb7 4. Nge2 e6 5. d4 cxd4 6. Nxd4 a6 7. Be2 Qc7 8. O-O
Nf6 9. Qd3 d6 10. f4 Nbd7 11. Nb3 Rc8 12. Be3 Be7 13. Rac1 h6 14. Qb1 Qb8 15.
Rfd1 O-O 16. Rd2 Qa8 17. Bd3 Ng4 18. Bf2 Nxf2 19. Rxf2 Bf6 20. Qc2 Nc5 21. Nxc5
Rxc5 22. Re2 Bd4+ 23. Kh1 b5 24. cxb5 axb5 25. Qb3 Rfc8 26. Bxb5 Bxe4 27. Qb4
e5 28. Rd1 Bf3 29. Rf1 Bxc3 30. bxc3 Bxe2 31. Bxe2 Qxa2 32. Bg4 Ra8 33. h3 Qc4
34. Qxc4 Rxc4 35. fxe5 dxe5 36. Re1 Ra5 37. Rb1 g6 38. Rb8+ Kg7 39. Rb7 Rxc3
40. Be6 Ra1+ 41. Kh2 Rf1 0-1

[Event "II C.to Europeo seniores"]
[Site "Saint Vincent - Chatillon ITA"]
[Date "2002.09.29"]
[Round "2"]
[White "Rosen, Willy"]
[Black "Tavcar, Rado"]
[Result "1/2-1/2"]
[WhiteElo "2338"]
[BlackElo "2114"]
[PlyCount "88"]
[EventDate "2002.09.28"]

1. e4 c5 2. Nf3 Nc6 3. d4 cxd4 4. Nxd4 g6 5. c4 Bg7 6. Be3 Nf6 7. Nc3 O-O 8.
Be2 d6 9. O-O Bd7 10. Qd2 Ng4 11. Bxg4 Bxg4 12. f4 Bd7 13. Rac1 Rc8 14. b3 Qa5
15. Qf2 Nxd4 16. Bxd4 Bxd4 17. Qxd4 Qc5 18. Rcd1 Rfd8 19. Rf2 Qxd4 20. Rxd4 Bc6
21. Rfd2 Re8 22. f5 f6 23. h4 Kf7 24. Kf2 Rg8 25. g3 Rg7 26. a4 Rcg8 27. R2d3
b6 28. Nd5 gxf5 29. exf5 Bxd5 30. Rxd5 Rc8 31. Rb5 Rc5 32. Rd5 Rg8 33. Kf3 Rgc8
34. Ke4 R8c6 35. Kd3 Rxd5+ 36. Rxd5 Rc8 37. Kc3 Rg8 38. Rd3 a5 39. Kd4 Ke8 40.
Ke4 Kd7 41. Kf4 h5 42. Kf3 Rg4 43. Rd2 Kd8 44. Rd3 Kd7 1/2-1/2

[Event "II C.to Europeo seniores"]
[Site "Saint Vincent - Chatillon ITA"]
[Date "2002.09.30"]
[Round "3"]
[White "Arkhangelsky, Boris"]
[Black "Wagman, Stuart"]
[Result "0-1"]
[WhiteElo "2406"]
[BlackElo "2150"]
[PlyCount "76"]
[EventDate "2002.09.28"]

1. d4 d5 2. c4 c6 3. Nf3 Nf6 4. Nc3 dxc4 5. a4 Bf5 6. e3 e6 7. Bxc4 Bb4 8. O-O
O-O 9. Qe2 Bg6 10. e4 Bxc3 11. bxc3 Nxe4 12. Ba3 Re8 13. Qe3 Nd7 14. Bd3 Nef6
15. Bxg6 hxg6 16. c4 e5 17. Rfd1 exd4 18. Qxd4 Nf8 19. Qh4 Qc8 20. Qd4 Re4 21.
Qc3 c5 22. Bb2 Ne6 23. g3 Re2 24. Re1 Rxe1+ 25. Qxe1 Qc6 26. Qc3 Rd8 27. Ne5
Qd6 28. Re1 Nd4 29. Nf3 Qc6 30. Nxd4 cxd4 31. Qb4 d3 32. Bxf6 gxf6 33. Rd1 Rd4
34. Qb5 Qxc4 35. Qxb7 d2 36. Qxa7 Qe2 37. Qb8+ Kg7 38. Qb3 Rc4 0-1

[Event "II C.to Europeo seniores"]
[Site "Saint Vincent - Chatillon ITA"]
[Date "2002.09.30"]
[Round "3"]
[White "Asmundsson, Ingvar"]
[Black "Kock, Hans-Uwe"]
[Result "1/2-1/2"]
[WhiteElo "2338"]
[BlackElo "2207"]
[PlyCount "132"]
[EventDate "2002.09.28"]

1. e4 c6 2. d4 d5 3. e5 Bf5 4. c3 e6 5. Be3 h5 6. Nd2 g6 7. Be2 Bh6 8. Bxh6
Nxh6 9. h3 h4 10. Ngf3 Nd7 11. b4 g5 12. Nh2 Nf8 13. Ng4 Nxg4 14. Bxg4 Ng6 15.
O-O Nf4 16. Re1 Qe7 17. Nf1 Bg6 18. Ne3 O-O-O 19. Kh2 Rh7 20. Bf3 Bf5 21. Bg4
Bg6 22. a4 Kb8 23. Ra2 f6 24. exf6 Qxf6 25. Rd2 Re8 26. Kg1 e5 27. dxe5 Rxe5
28. b5 Rhe7 29. c4 Bf7 30. Rf1 Rxe3 31. fxe3 Rxe3 32. bxc6 bxc6 33. Qb1+ Ka8
34. Bc8 Qe7 35. Rb2 Ne2+ 36. Kf2 Qe5 37. Rb8+ Qxb8 38. Qxb8+ Kxb8 39. Kxe3 Nf4
40. Bg4 dxc4 41. Kd4 Bd5 42. Re1 Kb7 43. Re5 Kb6 44. Rxg5 Nxg2 45. Rf5 Ka5 46.
Bf3 Kxa4 47. Bxd5 cxd5 48. Rxd5 Kb4 49. Rd7 Nf4 50. Rb7+ Ka5 51. Kxc4 Nxh3 52.
Kc5 Ka4 53. Kc4 Ka5 54. Rxa7+ Kb6 55. Rh7 Ng5 56. Rxh4 Kc6 57. Rh6+ Kd7 58. Kd5
Ke7 59. Ra6 Nf7 60. Re6+ Kd7 61. Rb6 Ke7 62. Ra6 Nd8 63. Ra7+ Kf6 64. Ra1 Nf7
65. Rf1+ Ke7 66. Rf2 Nd8 1/2-1/2

[Event "II C.to Europeo seniores"]
[Site "Saint Vincent - Chatillon ITA"]
[Date "2002.09.30"]
[Round "3"]
[White "Bondar, Anatoly T."]
[Black "Litvinov, Vladimir"]
[Result "0-1"]
[WhiteElo "2206"]
[BlackElo "2390"]
[PlyCount "92"]
[EventDate "2002.09.28"]

1. e4 c5 2. Nc3 e6 3. g3 d5 4. Bg2 Nf6 5. d3 Be7 6. Nge2 dxe4 7. Nxe4 Nxe4 8.
Bxe4 Nd7 9. O-O O-O 10. Nc3 Nf6 11. Bg2 Qb6 12. b3 Bd7 13. Bb2 Bc6 14. Ne4 Nxe4
15. dxe4 Rfd8 16. Qg4 Bf8 17. c4 Qa5 18. Rfc1 Rd3 19. Bf1 Rd7 20. Bc3 Qc7 21.
Bg2 Rad8 22. Bf6 Rc8 23. f4 Rd2 24. Bf3 Rd3 25. Bg2 Qa5 26. Bh4 Rd2 27. a3
Rxg2+ 28. Kxg2 Qd2+ 29. Kf1 Bxe4 30. Qd1 Qg2+ 31. Ke1 Bf3 32. Qd3 Qg1+ 33. Kd2
Qf2+ 34. Kc3 g5 35. b4 Bg7+ 36. Kb3 Bxa1 37. Rxa1 Be2 38. Qd7 Qe3+ 39. Ka4 Rf8
40. Bxg5 Bxc4 41. Qxb7 Qb3+ 42. Ka5 Qb2 43. Qh1 cxb4 44. Qc1 Qd4 45. axb4 Qb6+
46. Ka4 Qa6# 0-1

[Event "II C.to Europeo seniores"]
[Site "Saint Vincent - Chatillon ITA"]
[Date "2002.09.30"]
[Round "3"]
[White "Csom, Istvan"]
[Black "Krueger, Erich"]
[Result "1-0"]
[WhiteElo "2448"]
[BlackElo "2223"]
[PlyCount "80"]
[EventDate "2002.09.28"]

1. Nf3 Nf6 2. c4 g6 3. d4 Bg7 4. g3 O-O 5. Bg2 d6 6. Nc3 c6 7. O-O Qa5 8. h3
Be6 9. Nd2 Qa6 10. b3 d5 11. Na4 Nbd7 12. c5 b6 13. Bb2 bxc5 14. dxc5 Rad8 15.
Nf3 Bf5 16. Nd4 e5 17. Nxf5 gxf5 18. e3 e4 19. Bd4 Rfe8 20. f3 Nh5 21. Kh2 Bxd4
22. Qxd4 Ne5 23. Nc3 Qa5 24. Rab1 Qc7 25. Ne2 Re6 26. f4 Nd3 27. b4 Qe7 28. Rg1
Rg6 29. Bf1 Qf8 30. Rg2 Ng7 31. Qc3 Ne6 32. Nd4 Qg7 33. Bxd3 Nxd4 34. exd4 exd3
35. Qxd3 Re8 36. b5 Re4 37. b6 Rh6 38. bxa7 Rxh3+ 39. Kg1 Qh6 40. a8=Q+ Kg7 1-0

[Event "II C.to Europeo seniores"]
[Site "Saint Vincent - Chatillon ITA"]
[Date "2002.09.30"]
[Round "3"]
[White "Dubreuil, Remy"]
[Black "Ljubisavljevic, Zivojin Z."]
[Result "0-1"]
[WhiteElo "2053"]
[BlackElo "2275"]
[PlyCount "80"]
[EventDate "2002.09.28"]

1. e4 c6 2. d4 d5 3. e5 Bf5 4. Bd3 Bxd3 5. Qxd3 e6 6. Ne2 c5 7. c3 Nc6 8. O-O
Nge7 9. a3 Nf5 10. b4 cxd4 11. cxd4 Qb6 12. Rd1 a5 13. b5 Na7 14. a4 Be7 15.
Nd2 O-O 16. Nf3 Qd8 17. g4 Nh4 18. Nxh4 Bxh4 19. Ba3 Be7 20. Bc5 Nc8 21. Rac1
Nb6 22. Bxb6 Qxb6 23. Rc2 f6 24. f4 fxe5 25. fxe5 Bg5 26. Rf1 Rxf1+ 27. Kxf1
Rf8+ 28. Kg2 Qd8 29. Ng1 Be7 30. Nf3 Bb4 31. Qe3 Qe7 32. h3 Qf7 33. b6 h6 34.
Rc7 Qg6 35. Qe2 Qe4 36. Qd1 Be1 37. Qxe1 Qxf3+ 38. Kh2 Qf4+ 39. Kh1 Qxd4 40.
Rxb7 Rf3 0-1

[Event "II C.to Europeo seniores"]
[Site "Saint Vincent - Chatillon ITA"]
[Date "2002.09.30"]
[Round "3"]
[White "Klundt, Klaus"]
[Black "Kaminik, Aleksandar"]
[Result "1/2-1/2"]
[WhiteElo "2385"]
[BlackElo "2212"]
[PlyCount "35"]
[EventDate "2002.09.28"]

1. e4 e6 2. d4 d5 3. Nd2 Nf6 4. e5 Nfd7 5. f4 c5 6. c3 Nc6 7. Ndf3 Qb6 8. g3 f5
9. Bh3 cxd4 10. cxd4 Bb4+ 11. Kf1 Nf8 12. Ne2 Bd7 13. g4 fxg4 14. Bxg4 Ng6 15.
Kg2 Be7 16. Rf1 O-O 17. Rf2 Nb4 18. a3 1/2-1/2

[Event "II C.to Europeo seniores"]
[Site "Saint Vincent - Chatillon ITA"]
[Date "2002.09.30"]
[Round "3"]
[White "Lapienis, Donatas P."]
[Black "Giani, Franco"]
[Result "1-0"]
[WhiteElo "2287"]
[BlackElo "2133"]
[PlyCount "111"]
[EventDate "2002.09.28"]

1. d4 c5 2. d5 d6 3. Nc3 g6 4. e4 Bg7 5. Nf3 Nf6 6. Be2 O-O 7. O-O Na6 8. h3
Nc7 9. a4 a6 10. Bf4 Bd7 11. e5 Nfe8 12. Qd2 b5 13. Rfd1 bxa4 14. Nxa4 Rb8 15.
b3 Rb4 16. Bc4 Rb8 17. Nb2 Bb5 18. Ra2 Qc8 19. Re1 Qb7 20. Rd1 Qc8 21. Qd3 Qb7
22. Bg3 Qc8 23. Kh2 Qb7 24. Bf4 Qc8 25. g4 f6 26. e6 Qb7 27. Bc1 Bxc4 28. Nxc4
Nb5 29. Bb2 Nec7 30. Kg1 Na7 31. Kg2 Qb5 32. Ra5 Qb7 33. Ne3 Nc8 34. Nc4 Nb6
35. Nxb6 Qxb6 36. Ra4 Qb7 37. Ra3 Rfc8 38. c4 Qb6 39. Bc3 Rb7 40. Qb1 Rcb8 41.
Qa1 Qa7 42. Rb1 Ra8 43. Nd2 Qb8 44. Ne4 Rba7 45. g5 Ne8 46. gxf6 exf6 47. Nxf6+
Nxf6 48. Bxf6 Qf8 49. Bxg7 Qxg7 50. Qxg7+ Kxg7 51. b4 Rb8 52. b5 Rbb7 53. Rc1
Re7 54. Rxa6 Rab7 55. Rxd6 Kf6 56. Rc6 1-0

[Event "II C.to Europeo seniores"]
[Site "Saint Vincent - Chatillon ITA"]
[Date "2002.09.30"]
[Round "3"]
[White "Ljubarskij, Juri"]
[Black "Kahn, Manfred"]
[Result "1/2-1/2"]
[WhiteElo "2329"]
[BlackElo "2181"]
[PlyCount "84"]
[EventDate "2002.09.28"]

1. e4 e6 2. d4 d5 3. Nd2 Nf6 4. e5 Nfd7 5. Bd3 c5 6. c3 Nc6 7. Ne2 Qb6 8. Nf3
cxd4 9. cxd4 f6 10. exf6 Nxf6 11. O-O Bd6 12. a3 O-O 13. b4 e5 14. dxe5 Nxe5
15. Nfd4 Nxd3 16. Qxd3 Bg4 17. Be3 Qd8 18. f3 Bd7 19. Rac1 Qe7 20. Bf4 a5 21.
Bxd6 Qxd6 22. b5 Rfe8 23. Ng3 Qb6 24. a4 Re7 25. Rfd1 Rae8 26. Qc3 Rc8 27. Qd2
Rc4 28. Rxc4 dxc4 29. Nge2 Bf5 30. Nc3 Bd3 31. Qf2 Rd7 32. Nde2 Qe6 33. Re1 Qd6
34. g3 Qb4 35. Rc1 Qb2 36. Qe3 Kf7 37. Rd1 Re7 38. Qd2 Qb4 39. Nf4 Qc5+ 40. Qf2
Qe5 41. Qd2 Qc5+ 42. Qf2 Qe5 1/2-1/2

[Event "II C.to Europeo seniores"]
[Site "Saint Vincent - Chatillon ITA"]
[Date "2002.09.30"]
[Round "3"]
[White "MacDonald-Ross, Michael"]
[Black "Rotstein, Jefim"]
[Result "1/2-1/2"]
[WhiteElo "2169"]
[BlackElo "2376"]
[PlyCount "75"]
[EventDate "2002.09.28"]

1. d4 Nf6 2. Nf3 c5 3. d5 b5 4. Bg5 Bb7 5. Bxf6 gxf6 6. e4 Qa5+ 7. Nbd2 f5 8.
exf5 Bxd5 9. a4 bxa4 10. c3 Qb6 11. Bc4 Qb7 12. O-O Bh6 13. Bxd5 Qxd5 14. Re1
Bxd2 15. Qxd2 Qxd2 16. Nxd2 Nc6 17. Ne4 Rb8 18. Re2 Kd8 19. Rxa4 d6 20. f6 Re8
21. Ng5 exf6 22. Nxf7+ Kc7 23. Rxe8 Rxe8 24. Kf1 Rb8 25. Ra2 d5 26. Nh6 Kd6 27.
Ke2 d4 28. cxd4 cxd4 29. f4 Kd5 30. Ng4 f5 31. Nf2 Kc4 32. Nd3 a5 33. Kd2 Nb4
34. Ne5+ Kb3 35. Ra3+ Kxb2 36. Nc4+ Kb1 37. Rb3+ Ka2 38. Ra3+ 1/2-1/2

[Event "II C.to Europeo seniores"]
[Site "Saint Vincent - Chatillon ITA"]
[Date "2002.09.30"]
[Round "3"]
[White "Murey, Jacob I."]
[Black "Kristiansen, Erling"]
[Result "1/2-1/2"]
[WhiteElo "2496"]
[BlackElo "2257"]
[PlyCount "38"]
[EventDate "2002.09.28"]

1. e4 e5 2. Nf3 Nc6 3. Bb5 a6 4. Ba4 Nf6 5. O-O Be7 6. Re1 b5 7. Bb3 O-O 8. h3
d6 9. c3 Na5 10. Bc2 c5 11. d4 Qc7 12. Nbd2 Bd7 13. Nf1 cxd4 14. cxd4 Rac8 15.
Ne3 Nc6 16. a3 Nxd4 17. Nxd4 exd4 18. Qxd4 d5 19. e5 Bc5 1/2-1/2

[Event "II C.to Europeo seniores"]
[Site "Saint Vincent - Chatillon ITA"]
[Date "2002.09.30"]
[Round "3"]
[White "Neese, Hans-Joachim"]
[Black "Klovans, Janis"]
[Result "0-1"]
[WhiteElo "2218"]
[BlackElo "2425"]
[PlyCount "124"]
[EventDate "2002.09.28"]

1. d4 d5 2. Nf3 c6 3. Bf4 Nf6 4. e3 Bg4 5. Nbd2 Nbd7 6. h3 Bh5 7. c4 e6 8. Be2
Be7 9. O-O O-O 10. a3 c5 11. Bh2 Rc8 12. Rc1 Qb6 13. cxd5 exd5 14. Qb3 Qxb3 15.
Nxb3 c4 16. Nbd2 Ne4 17. g4 Bg6 18. Nxe4 Bxe4 19. Nd2 Bg6 20. f4 f5 21. Bg3 b5
22. Nb1 a6 23. Nc3 Nb6 24. Bf3 Rcd8 25. g5 Be8 26. Be1 Bc6 27. Rf2 Rd7 28. h4
Ra8 29. Bd1 a5 30. Bc2 b4 31. Nb1 g6 32. h5 Rb7 33. Bd1 Nc8 34. hxg6 hxg6 35.
Rh2 Bf8 36. axb4 axb4 37. Nd2 Nd6 38. Nf3 Ne4 39. Ne5 Be8 40. Bf3 Rba7 41. Bxe4
fxe4 42. Ng4 Be7 43. Bxb4 Bxb4 44. Nf6+ Kf7 45. Nxd5 Ra1 46. Rh7+ Ke6 47. Nc7+
Kf5 48. Rxa1 Rxa1+ 49. Kf2 Ra7 50. Rg7 Bf8 51. Rg8 Rxc7 52. Rxf8+ Bf7 53. Ke2
Rb7 54. Kd1 Kg4 55. Kc2 Kf3 56. d5 Bxd5 57. f5 Kxe3 58. fxg6 Kd4 59. Rf4 Rg7
60. Rf6 e3 61. Kd1 Be4 62. Ke2 Rxg6 0-1

[Event "II C.to Europeo seniores"]
[Site "Saint Vincent - Chatillon ITA"]
[Date "2002.09.30"]
[Round "3"]
[White "Planas Ferret, Rosendo"]
[Black "Bukal, Vladimir sr"]
[Result "0-1"]
[WhiteElo "2208"]
[BlackElo "2425"]
[PlyCount "64"]
[EventDate "2002.09.28"]

1. d4 d5 2. Nf3 Nf6 3. c4 c6 4. cxd5 cxd5 5. Nc3 Nc6 6. Bf4 Nh5 7. Bg5 h6 8.
Bh4 g5 9. Bg3 e6 10. e3 Bd7 11. Rc1 a6 12. Bd3 Rc8 13. Nd2 Nxg3 14. hxg3 b5 15.
Nb3 Na5 16. Nxa5 Qxa5 17. a3 Bxa3 18. Ra1 Rxc3 19. bxc3 Qxc3+ 20. Ke2 a5 21.
Qb1 Ke7 22. Rd1 b4 23. Rd2 Ba4 24. Raa2 Qc6 25. Qa1 Qd6 26. Rxa3 bxa3 27. Ra2
Bb3 28. Rxa3 a4 29. Bb5 Qb4 30. Bd3 Rc8 31. f3 Rc3 32. Qe1 Bd1+ 0-1

[Event "II C.to Europeo seniores"]
[Site "Saint Vincent - Chatillon ITA"]
[Date "2002.09.30"]
[Round "3"]
[White "Zhelesny, Stanislav"]
[Black "Chernikov, Oleg L."]
[Result "0-1"]
[WhiteElo "2266"]
[BlackElo "2464"]
[PlyCount "73"]
[EventDate "2002.09.28"]

1. Nf3 c5 2. c4 g6 3. g3 Bg7 4. Bg2 Nc6 5. Nc3 e6 6. O-O Nge7 7. d3 O-O 8. Be3
Nd4 9. Qd2 Nef5 10. Bxd4 cxd4 11. Na4 d6 12. b4 Rb8 13. Nb2 b6 14. a4 a5 15.
Rab1 Ne7 16. e3 dxe3 17. fxe3 d5 18. d4 axb4 19. Qxb4 dxc4 20. Qxc4 Nd5 21.
Rfe1 Bd7 22. Qb3 b5 23. axb5 Bxb5 24. Nd3 Qd6 25. Nc5 Bc6 26. Qd3 Rxb1 27. Rxb1
Nxe3 28. Qxe3 Bxf3 29. Qxf3 Bxd4+ 30. Kh1 Qxc5 31. Qc6 Qxc6 32. Bxc6 Rc8 33.
Ba4 Rc4 34. Bb3 Rc7 35. Kg2 f5 36. Kf3 Rc3+ 37. Kg2 0-1

[Event "II C.to Europeo seniores"]
[Site "Saint Vincent - Chatillon ITA"]
[Date "2002.10.01"]
[Round "4"]
[White "Bitter, Leon"]
[Black "Zhelesny, Stanislav"]
[Result "1/2-1/2"]
[WhiteElo "2079"]
[BlackElo "2266"]
[PlyCount "47"]
[EventDate "2002.09.28"]

1. e4 c6 2. d4 d5 3. Nc3 dxe4 4. Nxe4 Nd7 5. Nf3 Ngf6 6. Nxf6+ Nxf6 7. c3 g6 8.
h3 Bg7 9. Be2 O-O 10. O-O Qc7 11. Re1 b6 12. Qc2 Bb7 13. Bg5 c5 14. dxc5 Qxc5
15. Be3 Qc7 16. Qc1 Rfd8 17. Bh6 Bh8 18. Rd1 Ne4 19. Qe3 Bg7 20. Bxg7 Kxg7 21.
Rxd8 Rxd8 22. Rd1 Rxd1+ 23. Bxd1 Qc5 24. Qd4+ 1/2-1/2

[Event "II C.to Europeo seniores"]
[Site "Saint Vincent - Chatillon ITA"]
[Date "2002.10.01"]
[Round "4"]
[White "Chernikov, Oleg L."]
[Black "Bukal, Vladimir sr"]
[Result "1-0"]
[WhiteElo "2464"]
[BlackElo "2425"]
[PlyCount "83"]
[EventDate "2002.09.28"]

1. d4 d5 2. c4 c6 3. e3 Nf6 4. Bd3 a6 5. a4 e6 6. Nf3 c5 7. cxd5 exd5 8. b3 Nc6
9. Bb2 Bg4 10. dxc5 Bxc5 11. Be2 Bb4+ 12. Kf1 O-O 13. h3 Bh5 14. Nc3 Rc8 15.
Rc1 Qd6 16. g4 Bg6 17. g5 Ne4 18. Nxd5 Ba3 19. Bxa3 Qxa3 20. Ra1 Qb2 21. Qc1
Qxc1+ 22. Rxc1 Rcd8 23. Nf4 Bf5 24. Kg2 Rd6 25. Rhd1 Rfd8 26. Rxd6 Rxd6 27. Bc4
h6 28. h4 hxg5 29. hxg5 Bg4 30. g6 Bxf3+ 31. Kxf3 Nd2+ 32. Ke2 Nxc4 33. gxf7+
Kxf7 34. Rxc4 g5 35. Nd3 Kg6 36. b4 Kf6 37. Nc5 b5 38. axb5 axb5 39. Ne4+ Ke5
40. Rc5+ Rd5 41. Rxc6 Kxe4 42. f3+ 1-0

[Event "II C.to Europeo seniores"]
[Site "Saint Vincent - Chatillon ITA"]
[Date "2002.10.01"]
[Round "4"]
[White "Kaminik, Aleksandar"]
[Black "Asmundsson, Ingvar"]
[Result "1/2-1/2"]
[WhiteElo "2212"]
[BlackElo "2338"]
[PlyCount "42"]
[EventDate "2002.09.28"]

1. d4 e6 2. g3 f5 3. Bg2 Nf6 4. Nh3 c6 5. O-O Be7 6. c4 d6 7. Nc3 O-O 8. e4 e5
9. dxe5 dxe5 10. Qxd8 Rxd8 11. Bg5 h6 12. Bxf6 gxf6 13. Rad1 Rxd1 14. Rxd1 Na6
15. f4 Nc5 16. fxe5 fxe5 17. exf5 Bxf5 18. Nf2 Rd8 19. Rxd8+ Bxd8 20. Nce4 Be7
21. Kf1 Kf7 1/2-1/2

[Event "II C.to Europeo seniores"]
[Site "Saint Vincent - Chatillon ITA"]
[Date "2002.10.01"]
[Round "4"]
[White "Klovans, Janis"]
[Black "Lapienis, Donatas P."]
[Result "1/2-1/2"]
[WhiteElo "2425"]
[BlackElo "2287"]
[PlyCount "38"]
[EventDate "2002.09.28"]

1. e4 c5 2. Nf3 d6 3. d4 cxd4 4. Nxd4 Nf6 5. Nc3 a6 6. Be3 Ng4 7. Bc1 Nf6 8.
Be2 e5 9. Nb3 Be7 10. a4 O-O 11. O-O Nc6 12. Bg5 Be6 13. Bxf6 Bxf6 14. Nd5 Bg5
15. a5 Rc8 16. Bg4 Nd4 17. Nxd4 exd4 18. Bxe6 fxe6 19. Nb6 Rc5 1/2-1/2

[Event "II C.to Europeo seniores"]
[Site "Saint Vincent - Chatillon ITA"]
[Date "2002.10.01"]
[Round "4"]
[White "Kock, Hans-Uwe"]
[Black "Klundt, Klaus"]
[Result "1/2-1/2"]
[WhiteElo "2207"]
[BlackElo "2385"]
[PlyCount "45"]
[EventDate "2002.09.28"]

1. d4 Nf6 2. c4 e6 3. Nf3 d5 4. Nc3 Be7 5. e3 O-O 6. Bd3 c5 7. dxc5 dxc4 8.
Bxc4 Qxd1+ 9. Nxd1 Bxc5 10. a3 Nc6 11. b4 Be7 12. Bb2 a5 13. b5 Na7 14. Bd4 Bd7
15. a4 Nc8 16. Ne5 Nd6 17. Bd3 Rfc8 18. Nb2 Be8 19. O-O Nd5 20. Nec4 Nxc4 21.
Nxc4 Bc5 22. Bxc5 Rxc5 23. Nd6 1/2-1/2

[Event "II C.to Europeo seniores"]
[Site "Saint Vincent - Chatillon ITA"]
[Date "2002.10.01"]
[Round "4"]
[White "Kraidman, Yair"]
[Black "Gruzmann, Boris"]
[Result "0-1"]
[WhiteElo "2324"]
[BlackElo "2263"]
[PlyCount "54"]
[EventDate "2002.09.28"]

1. d4 Nf6 2. c4 d6 3. Nf3 g6 4. Nc3 Bg7 5. g3 O-O 6. Bg2 c6 7. O-O Qa5 8. d5
cxd5 9. cxd5 b5 10. Nd4 b4 11. Nb3 Qa6 12. Ne4 Nxe4 13. Bxe4 Bh3 14. Re1 Qc4
15. Bf3 a5 16. a3 Nd7 17. Nd2 Qb5 18. a4 Qa6 19. e4 Ne5 20. Be2 Qc8 21. Nb3 f5
22. exf5 Qxf5 23. Bf4 g5 24. Nd4 Qe4 25. Bf1 Qxd4 26. Bxe5 Qxf2+ 27. Kh1 Bxf1
0-1

[Event "II C.to Europeo seniores"]
[Site "Saint Vincent - Chatillon ITA"]
[Date "2002.10.01"]
[Round "4"]
[White "Litvinov, Vladimir"]
[Black "Csom, Istvan"]
[Result "1/2-1/2"]
[WhiteElo "2390"]
[BlackElo "2448"]
[PlyCount "68"]
[EventDate "2002.09.28"]

1. e4 c5 2. Nf3 a6 3. Nc3 d6 4. d4 cxd4 5. Nxd4 e6 6. g3 b6 7. Bg2 Bb7 8. O-O
Nf6 9. g4 d5 10. Bg5 Bb4 11. exd5 Bxc3 12. bxc3 Bxd5 13. Nf5 O-O 14. Bxd5 exd5
15. Qf3 Nbd7 16. Rad1 Re8 17. Rxd5 Ne5 18. Rxe5 Rxe5 19. Rd1 Qf8 20. Bxf6 gxf6
21. Nh6+ Kg7 22. Rd7 Rae8 23. Rxf7+ Qxf7 24. Nxf7 Kxf7 25. Qb7+ R8e7 26. Qxa6
R5e6 27. Qc8 Kg7 28. Kg2 Re5 29. Qc6 R5e6 30. Qc8 Re5 31. a4 Re4 32. Kf3 Rxa4
33. Qd8 Raa7 34. Qxb6 Rac7 1/2-1/2

[Event "II C.to Europeo seniores"]
[Site "Saint Vincent - Chatillon ITA"]
[Date "2002.10.01"]
[Round "4"]
[White "Rotstein, Jefim"]
[Black "Kleiner, Bronislav"]
[Result "1-0"]
[WhiteElo "2376"]
[BlackElo "2271"]
[PlyCount "67"]
[EventDate "2002.09.28"]

1. b3 d5 2. Bb2 Nc6 3. Nf3 Bg4 4. e3 a6 5. c4 e6 6. cxd5 exd5 7. Be2 Nf6 8. d3
Bd6 9. Nbd2 O-O 10. O-O Re8 11. a3 a5 12. Re1 Ne5 13. Bxe5 Bxf3 14. Bxf6 Bxe2
15. Bxd8 Bxd1 16. Bxc7 Bxc7 17. Rexd1 Bd6 18. a4 Rec8 19. Rac1 Ba3 20. Rxc8+
Rxc8 21. Kf1 Rc2 22. e4 Bc5 23. exd5 f5 24. d4 Bxd4 25. d6 Kf7 26. d7 Bb6 27.
Nc4 Bd8 28. Re1 Be7 29. Nd6+ Kf6 30. Nxb7 Rd2 31. Rxe7 Kxe7 32. d8=Q+ Rxd8 33.
Nxd8 Kxd8 34. Ke2 1-0

[Event "II C.to Europeo seniores"]
[Site "Saint Vincent - Chatillon ITA"]
[Date "2002.10.01"]
[Round "4"]
[White "Wagman, Stuart"]
[Black "Ljubarskij, Juri"]
[Result "0-1"]
[WhiteElo "2150"]
[BlackElo "2329"]
[PlyCount "68"]
[EventDate "2002.09.28"]

1. e4 e5 2. Nf3 Nc6 3. Bc4 Nf6 4. d3 Be7 5. c3 O-O 6. O-O d6 7. Re1 Na5 8. Bb5
a6 9. Ba4 b5 10. Bc2 c5 11. Nbd2 Re8 12. Nf1 h6 13. h3 Bf8 14. Ng3 g6 15. a4 b4
16. cxb4 cxb4 17. d4 Qc7 18. b3 Bg7 19. Bb2 Nc6 20. d5 Nd8 21. Nd2 Nb7 22. Nc4
a5 23. Bc1 Nc5 24. Be3 Ba6 25. Rc1 Bxc4 26. bxc4 Nfd7 27. h4 Rab8 28. Rb1 h5
29. Nf1 Qd8 30. g3 Kh7 31. f3 Bh6 32. Bf2 Rc8 33. Kg2 Nb6 34. Bb3 Qd7 0-1